De la angustia a la libertad

Guardat en:
Dades bibliogràfiques
Autor principal: Madariaga, Salvador de (autor)
Format: Llibre
Idioma:espanyol
Publicat: Buenos Aires Hermes 1955
Matèries:
Etiquetes: Afegir etiqueta
Sense etiquetes, Sigues el primer a etiquetar aquest registre!

MARC

LEADER 00000nam a2200000 a 4500
001 UCU0305
003 CL-VaPUC
008 960322e19550000AG |||||||||||||||||spa|d
082 0 4 |a 320.51  |b MAD  |2 21 
100 |a Madariaga, Salvador de  |e autor  |9 579873 
245 1 0 |a De la angustia a la libertad 
300 |a 274 p 
942 |c BK 
945 |d 19960322 00:00:00  |a rleighto 
260 |a Buenos Aires  |b Hermes  |c 1955 
650 0 |a Liberalismo  |9 255715 
650 0 |a Política  |9 255312 
583 |a last modification  |c 19960322 00:00:00  |k Rodrigo Vera 
999 |c 245174  |d 245172 
952 |0 0  |1 0  |4 0  |6 320_510000000000000_MAD_1955  |7 0  |8 P  |9 259609  |a BIBEDU  |b BIBEDU  |c BIBEDU_PB  |d 2019-11-19  |i 3173879  |o 320.51 MAD 1955  |p 3173879  |r 2024-01-25  |w 2019-11-19  |y BK  |k EDU